[Event "Gelsenkirchen Koenigsspringer op"]
[Site "Gelsenkirchen"]
[Date "2019.12.30"]
[Round "7"]
[White "Pohl, Andreas"]
[Black "Vishanji, Franz"]
[Result "1-0"]
[WhiteElo "1802"]
[BlackElo "1616"]
[PlyCount "83"]
[EventDate "2019.12.27"]
[EventType "swiss"]
[EventRounds "7"]
[EventCountry "GER"]
[SourceTitle "CBM 194 Extra"]
[Source "ChessBase"]
[SourceDate "2020.03.31"]
[SourceVersion "1"]
[SourceVersionDate "2020.03.31"]
[SourceQuality "1"]

1. c4 Nf6 2. Nc3 e5 3. g3 Nc6 4. Bg2 Bc5 5. e3 0-0 6. Nge2 Re8 7. 0-0 e4 8. a3 a5 9. Nf4 d6 10. d4 exd3 11. Nxd3 Bb6 12. b3 Bf5 13. Bb2 Rb8 14. Rc1 Ne5 15. Nxe5 dxe5 16. Qxd8 Rbxd8 17. Bxb7 Rd2 18. Ba1 Bc2 19. b4 c5 20. bxa5 Bxa5 21. Nb1 Bxb1 22. Rxb1 Rd3 23. a4 Ra3 24. Bc6 Rd8 25. Bxe5 Ng4 26. Bf4 h6 27. Rb8 Rxb8 28. Bxb8 Rb3 29. Ba7 Ne5 30. Bb5 Bb4 31. Rd1 Rb2 32. a5 Ng4 33. a6 Nxf2 34. Bb6 Nh3+ 35. Kh1 Nf2+ 36. Kg2 Ng4+ 37. Kf3 Nxh2+ 38. Ke4 g6 39. a7 f5+ 40. Ke5 Nf3+ 41. Kf4 g5+ 42. Kxf5 1-0

[Event "Gelsenkirchen Koenigsspringer op"]
[Site "Gelsenkirchen"]
[Date "2019.12.28"]
[Round "3"]
[White "Pohl, Andreas"]
[Black "Schulz, Angelika"]
[Result "1-0"]
[WhiteElo "1802"]
[BlackElo "1644"]
[PlyCount "55"]
[EventDate "2019.12.27"]
[EventType "swiss"]
[EventRounds "7"]
[EventCountry "GER"]
[SourceTitle "CBM 194 Extra"]
[Source "ChessBase"]
[SourceDate "2020.03.31"]
[SourceVersion "1"]
[SourceVersionDate "2020.03.31"]
[SourceQuality "1"]

1. c4 Nf6 2. Nc3 e6 3. Nf3 d5 4. d4 Bb4 5. Bd2 Bxc3 6. Bxc3 0-0 7. e3 c6 8. Bd3 Ne4 9. Qc2 f5 10. 0-0-0 a5 11. Ne5 Na6 12. a3 Nxc3 13. Qxc3 Nc7 14. Rdg1 Bd7 15. c5 a4 16. f4 Be8 17. g4 Qh4 18. Qd2 Qe7 19. h4 Kh8 20. Qc2 g6 21. h5 gxh5 22. gxf5 exf5 23. Bxf5 Rf6 24. Qg2 Qf8 25. Bb1 Rd8 26. Rh3 Bf7 27. Qg5 Bg8 28. Qxh5 1-0

[Event "Gelsenkirchen Silvester op 6th"]
[Site "Gelsenkirchen"]
[Date "2018.12.27"]
[Round "1"]
[White "Pohl, Andreas"]
[Black "Tunkel, Stefan"]
[Result "0-1"]
[WhiteElo "1572"]
[BlackElo "1868"]
[PlyCount "128"]
[EventDate "2018.12.27"]
[EventType "swiss"]
[EventRounds "7"]
[EventCountry "GER"]
[SourceTitle "CBM 188 Extra"]
[Source "ChessBase"]
[SourceDate "2019.02.26"]
[SourceVersion "1"]
[SourceVersionDate "2019.02.26"]
[SourceQuality "1"]

1. e4 c5 2. Nf3 d6 3. d4 cxd4 4. Nxd4 Nf6 5. Nc3 g6 6. Be2 Bg7 7. Be3 Nc6 8. f3 0-0 9. 0-0 Qb6 10. Na4 Qa5 11. Nc3 Bd7 12. Qd2 Rfc8 13. Rad1 Kf8 14. Nb3 Qd8 15. Rfe1 Ne5 16. Bg5 Be6 17. Nd4 Bc4 18. b3 Bxe2 19. Ncxe2 Nc6 20. c4 Qa5 21. Nxc6 Qxd2 22. Rxd2 bxc6 23. Red1 Nd7 24. Be3 Ke8 25. Kf2 a5 26. c5 Nxc5 27. Bxc5 dxc5 28. Rc2 a4 29. Rxc5 axb3 30. axb3 Ra2 31. Rd3 Rb2 32. Ke3 e6 33. h3 Bf8 34. Rc4 c5 35. g3 Rd8 36. Rxd8+ Kxd8 37. Rc3 Kd7 38. Nc1 Rg2 39. g4 Bh6+ 40. Kd3 Rf2 41. Kc4 Bxc1 42. Rxc1 Rxf3 43. Kxc5 Rxb3 44. Rf1 Ke7 45. Rh1 Rd3 46. Kc4 Rd7 47. e5 Rd5 48. Re1 g5 49. Re3 Kf8 50. Kc3 Kg7 51. Kc4 Kg6 52. Kc3 h5 53. Kc4 Ra5 54. gxh5+ Kxh5 55. Kd4 Ra4+ 56. Kc5 Kg6 57. Rf3 Rf4 58. Re3 Kf5 59. Kd6 Rd4+ 60. Ke7 Re4 61. Rf3+ Kxe5 62. Rxf7 Rh4 63. Rg7 Rh5 64. Kf7 Kf5 0-1

[Event "Gelsenkirchen Silvester op 6th"]
[Site "Gelsenkirchen"]
[Date "2018.12.27"]
[Round "2"]
[White "Schulz, Dennis"]
[Black "Pohl, Andreas"]
[Result "0-1"]
[WhiteElo "1674"]
[BlackElo "1572"]
[PlyCount "56"]
[EventDate "2018.12.27"]
[EventType "swiss"]
[EventRounds "7"]
[EventCountry "GER"]
[SourceTitle "CBM 188 Extra"]
[Source "ChessBase"]
[SourceDate "2019.02.26"]
[SourceVersion "1"]
[SourceVersionDate "2019.02.26"]
[SourceQuality "1"]

1. e4 e5 2. Nf3 Nc6 3. d4 exd4 4. Nxd4 Nf6 5. Nc3 Bb4 6. Nxc6 bxc6 7. Bd3 d5 8. exd5 cxd5 9. 0-0 0-0 10. Bd2 Bg4 11. Be2 Bf5 12. a3 Ba5 13. b4 Bb6 14. Bg5 c6 15. Na4 Bc7 16. Bd3 Bxd3 17. Qxd3 Bxh2+ 18. Kh1 Bc7 19. g3 h6 20. Be3 Qd7 21. Kg2 Ng4 22. Bd4 Ne5 23. Bxe5 Bxe5 24. Nc5 Qg4 25. Rfe1 Bd6 26. Ne4 dxe4 27. Qxd6 Qf3+ 28. Kh2 Qxf2+ 0-1

[Event "Gelsenkirchen Silvester op 5th"]
[Site "Gelsenkirchen"]
[Date "2017.12.29"]
[Round "5"]
[White "Pohl, Andreas"]
[Black "Schaefer, Michael2222"]
[Result "0-1"]
[WhiteElo "1084"]
[BlackElo "1673"]
[PlyCount "48"]
[EventDate "2017.12.27"]
[EventType "swiss"]
[EventRounds "5"]
[EventCountry "GER"]
[SourceTitle "CBM 182 Extra"]
[Source "ChessBase"]
[SourceDate "2018.02.23"]
[SourceVersion "1"]
[SourceVersionDate "2018.02.23"]
[SourceQuality "1"]

1. e4 e5 2. Nf3 Nc6 3. Bc4 Nf6 4. Nc3 Bc5 5. 0-0 d6 6. d3 0-0 7. h3 Nd4 8. Bg5 c6 9. Nxd4 Bxd4 10. Kh1 a5 11. a4 Qb6 12. Bxf6 gxf6 13. Bb3 Be6 14. f4 Kh8 15. Bxe6 fxe6 16. Rb1 exf4 17. Rxf4 Be5 18. Rh4 Rf7 19. Qh5 Rg7 20. Ne2 Qf2 21. Rg1 Rag8 22. c3 c5 23. g3 Qe3 24. Nf4 Bxf4 0-1